000 01056nam a22002657a 4500
999 _c6734
_d6734
003 AR-CdUCM
008 190319b ||||| |||| 00| 0 spa d
020 _a84-205-0309-6
020 _a84-205-0298-7
020 _a84-205-0341-X
040 _aMUNICIPALIDAD PROVINCIAL DEL CUSCO
_cBIBLIOTECA MUNICIPAL DEL CUSCO
082 _a547.139 /
_bP44
100 _aPerez A. Ossorio, Rafael
_918960
245 _aMecanismo de las Reacciones Orgánicas /
260 _aMadrid :
_bAlhambra,
_c1976.
300 _a2 tomos ;
_bgraficos, tablas, ilustraciones
_c20cm.
440 _aExedra - ciencia tecnica ingenieria
_n111
_918961
505 _aContenido:t.1 Reacciones organicas -- metodos para su estudio -- analisis conformacional -- sustitucion nucleofila -- reacciones de eliminacion t.2 Reacciones de adicion -- cicloadiciones -- electrociclicas -- transposiciones moleculares
650 _aQuimica
_94512
650 _aReacciones
_918962
650 _aNucleofila
_918963
650 _aReacciones organicas
_918964
942 _2ddc
_cLIBROS
945 _apjha